LEADER 01164oam 2200325z- 450 001 9910161642503321 005 20160901084205.0 010 $a0-8031-8414-X 035 $a(CKB)3390000000023620 035 $a(EXLCZ)993390000000023620 100 $a20201222c2009uuuu -u- - 101 0 $aeng 200 10$aBlack box data from accident vehicles $emethods of retrieval, translation, and interpretation /$fWilliam Rosenbluth 210 $aWest Conshohocken$cASTM International 311 $a0-8031-7003-3 517 $aBlack Box Data from Accident Vehicles 606 $aAutomotive event data recorders 606 $aTraffic accident investigation$xInstruments 606 $aAutomobiles$xDynamics$xData processing 606 $aAutomobiles$xCrash tests 615 0$aAutomotive event data recorders. 615 0$aTraffic accident investigation$xInstruments. 615 0$aAutomobiles$xDynamics$xData processing. 615 0$aAutomobiles$xCrash tests. 676 $a629.28/26 700 $aRosenbluth$b William$f1939-$01239200 906 $aBOOK 912 $a9910161642503321 996 $aBlack box data from accident vehicles$92875434 997 $aUNINA